Statistics for The Characters of Garten of Banban

Click here to take the quiz!

General Stats

  • This quiz has been taken 264 times
    (59 since last reset)
  • The average score is 14 of 58

Answer Stats

Game of First AppearanceCharacter% Correct
Garten of Banban IIBanban
89%
Garten of BanbanJumbo Josh
78%
Garten of Banban IINabnab
74%
Garten of BanbanOpila Bird
74%
Garten of Banban IIIStinger Flynn
67%
Garten of Banban IIBanbaleena
63%
Garten of Banban IIITarta Bird
59%
Garten of Banban IVBittergiggle
56%
Garten of Banban IIICaptain Fiddles
56%
Garten of Banban VISir Dadadoo
56%
Garten of Banban IISlow Seline
56%
Garten of Banban VIISyringeon
56%
Garten of Banban IVSheriff Toadster
52%
Garten of Banban IVKittysaurus
48%
Garten of Banban IIINabnaleena
48%
Garten of Banban VIIIFlumbo
44%
Garten of Banban IVQueen Bouncelia
44%
Garten of Banban VIThe Naughty Ones
44%
Garten of Banban IIZolphius
44%
Garten of Banban VIThe Nanny
37%
Garten of Banban IIITamataki and Chamataki
33%
Garten of Banban VIIIBrushista
30%
Garten of Banban IIIMr. Kabob Man
30%
Garten of Banban IIILittle Beak
26%
Garten of Banban IVChoo Choo Charles
19%
Garten of Banban VIIGivanium Baby
11%
Garten of Banban VINaughtified Bittergiggle
11%
Garten of Banban IIBrown Fiddles
7%
Garten of Banban VINaughtified Banbaleena
7%
Garten of Banban VINaughtified Kittysaurus
7%
Garten of Banban VINaughtified Nabnaleena
7%
Garten of Banban VINaughtified Opila Bird
7%
Garten of Banban VINaughtified Tarta Bird
7%
Garten of Banban IIOrange Fiddles
7%
Garten of Banban IIRed Fiddles
7%
Garten of Banban IIYellow Fiddles
7%
Garten of Banban IIAqua Fiddles
4%
Garten of Banban IIForest Fiddles
4%
Garten of Banban IIIHellish Banban
4%
Garten of Banban VINaughtified Tamataki and Chamataki
4%
Garten of Banban VIIBlack-Eyed Givanium Citizens
0%
Garten of Banban VIBlack-Eyed Givanium Infants
0%
Garten of Banban IIMagenta Fiddles
0%
Garten of Banban IVMutated Little Beak
0%
Garten of Banban VIMutated Nabnab
0%
Garten of Banban IIOpila Bird Chicks
0%
Garten of Banban VIISplit Naughtified Jester
0%
Garten of Banban IITarta Bird Chick
0%
Garten of Banban IVThe Blue-Violet Jester
0%
Garten of Banban IVThe Blue-Yellow Jester
0%
Garten of Banban VIThe Green Half-Jester
0%
Garten of Banban IVThe Green-Pink Jester
0%
Garten of Banban VThe Marionette
0%
Garten of Banban VIThe Orange Half-Jester
0%
Garten of Banban VIThe Violet-Yellow Jester
0%
Garten of Banban VIIIUndead Banban
0%
Garten of Banban VIIWhite-Eyed Givanium Citizens
0%
Garten of Banban VIWhite-Eyed Givanium Infants
0%

Score Distribution

Percentile by Number Answered

Percent of People with Each Score

Your Score History

You have not taken this quiz since the last reset